Successful event management / (Record no. 345100)

000 -LEADER
fixed length control field 00760 a2200181 4500
020 ## - INTERNATIONAL STANDARD BOOK NUMBER
International Standard Book Number 8131504131
020 ## - INTERNATIONAL STANDARD BOOK NUMBER
International Standard Book Number 9788131504130
090 ## - LOCALLY ASSIGNED LC-TYPE CALL NUMBER (OCLC); LOCAL CALL NUMBER (RLIN)
-- 2607
-- 2607
100 1# - MAIN ENTRY--PERSONAL NAME
Personal name Shone, Anton.
245 10 - TITLE STATEMENT
Title Successful event management /
Statement of responsibility, etc. Anton Shone.
260 ## - PUBLICATION, DISTRIBUTION, ETC.
Place of publication, distribution, etc. [S.l.] :
Name of publisher, distributor, etc. Thomson Press (India) Ltd,
Date of publication, distribution, etc. 2007.
300 ## - PHYSICAL DESCRIPTION
Extent 200 p.
500 ## - GENERAL NOTE
General note Paperback.
520 ## - SUMMARY, ETC.
Summary, etc. This is the essential guide for anyone who needs to know how to organize a special event – a festival, a celebration party, a media launch or an annual fete
856 ## - ELECTRONIC LOCATION AND ACCESS
Materials specified Amazon.com
Uniform Resource Identifier <a href="http://www.amazon.com/exec/obidos/ASIN/8131504131/chopaconline-2">http://www.amazon.com/exec/obidos/ASIN/8131504131/chopaconline-2</a>
856 ## - ELECTRONIC LOCATION AND ACCESS
Materials specified Amazon customer reviews
Uniform Resource Identifier <a href="http://www.chopac.org/cgi-bin/tools/azrev.pl?q=813150413">http://www.chopac.org/cgi-bin/tools/azrev.pl?q=813150413</a>
942 ## - ADDED ENTRY ELEMENTS (KOHA)
Institution code [OBSOLETE] NBS
Koha item type Book
Call number prefix 394.2068 SHO
Holdings
Withdrawn status Lost status Damaged status Not for loan Permanent Location Current Location Date acquired Total Checkouts Full call number Barcode Date last seen Date last checked out Price effective from Koha item type
        Central Library (CL) Central Library (CL) 08/28/2013 1 394.2068 SHO NBS8262 11/23/2017 08/22/2017 08/28/2013 Book
© 2023 Central Library, National University of Sciences and Technology. All Rights Reserved.